00519pab a2200169 454500008004000000100002500040245011400065260000900179300001400188362000800202650001900210650001300229650002800242700002400270700002200294773003300316180718b2008 xxu||||| |||| 00| 0 eng d aBaumgartner, Jody C. aA clash of civilizations? The influence of religion on public opinion of US foreign policy in the Middle East c2008 ap.171-79. aJun aPublic opinion aReligion aInternational relations aMorris, Jonathan S. aFrancia, Petel L. aPolitical Research Quarterly